000 00562nam a22001937a 4500
003 OSt
005 20210423055223.0
008 210223s1963 ||||| |||| 00| 0 eng d
040 _aeng
_beng
_cDLC
041 _aeng
080 _a821.111
_bC-25
100 _91082
_aCarr, Dickson. John
245 _aThe Case of the Constant Suicides
_c/ by: Penguin Books
260 _aVictoria, Austalia
_bPenguin Books
_c1963
300 _a192 p.
650 0 _9254
_aEnglish literature
653 _aინგლისური ლიტერატურა
942 _2udc
_cBK
999 _c1671
_d1671